Một số giá trị của nền giáo dục Phần Lan và những gợi mở tham khảo cho Việt Nam /

Saved in:
Bibliographic Details
Main Author: Hồ Thị Nhâm.
Format: Article
Language:Vietnamese
Subjects:
Tags: Add Tag
No Tags, Be the first to tag this record!
Institutions: Thư viện Trường Đại học Đà Lạt
LEADER 00918nam a2200289 4500
001 DLU210196637
005 ##20210622
040 # # |a DLU  |b vie 
041 # # |a vie 
044 # # |a vn 
100 # # |a Hồ Thị Nhâm. 
245 # # |a Một số giá trị của nền giáo dục Phần Lan và những gợi mở tham khảo cho Việt Nam /  |c Hồ Thị Nhâm. 
653 # # |a Đổi mới giáo dục 
653 # # |a Phát triển giáo dục 
653 # # |a Phần Lan 
653 # # |a Việt Nam 
773 # # |t Nghiên cứu Châu Âu  |g Số 5(224), 2019, tr. 58-66 
920 # # |a Phòng Tạp chí -- Trung tâm Thông tin - Thư viện Trường Đại học Đà Lạt 
933 # # |a XH 
994 # # |a DLU 
900 # # |a True 
911 # # |a Hoàng Thị Huyền 
925 # # |a G 
926 # # |a A 
927 # # |a BB 
980 # # |a Thư viện Trường Đại học Đà Lạt